000 01041nam a2200265 a 4500
001 BRL_1303
005 20190320211133.0
008 030114t1982----u--aob####---#000-0#eng-#
020 _a0874050200
041 _aeng
044 _au
050 4 _aTS1557.U62
_b.G58 1982
100 1 _aGittinger, Mattiebelle
_926434
245 1 0 _aMaster dyers to the world
_btechnique and trade in early Indian dyed cotton textiles
_cMattiebelle Gittinger.
260 _aWashington, D.C.
_bThe Textil Museum
_c1982
300 _a207 p.
_bil. a color, mapas
_c30 cm.
500 _aAu1543
500 _aPublished in conjunction with the exhibition Master dyers to the world held at the Textile Museum, Washington, D.C., the Field Museum of Natural History, Chicago, and the Asia Society Gallery, New York
504 _aBibliografía: p. 200-207
650 1 4 _aTextiles de algodón
_vExposiciones
_zIndia
_926435
650 1 4 _aTextiles
_vExposiciones
_zIndia
_926436
710 2 _aTextile Museum (Washington, D.C.)
_926437
902 _aGRL
942 _2lcc
_cB
999 _c10115
_d10115